ALMOST AN ENGLISHMAN / (Record no. 616782)

000 -LEADER
fixed length control field 00343nam a22001337a 4500
020 ## - INTERNATIONAL STANDARD BOOK NUMBER
Qualifying information PB.
040 ## - CATALOGING SOURCE
Transcribing agency FIZZA ISHAQ
082 ## - DEWEY DECIMAL CLASSIFICATION NUMBER
Classification number 942.004924
Author Mark CHA
100 ## - MAIN ENTRY--PERSONAL NAME
Personal name HANNAM,CHARLES.
9 (RLIN) 133814
245 ## - TITLE STATEMENT
Title ALMOST AN ENGLISHMAN /
Statement of responsibility, etc. CHARLES HANNAM.
260 ## - PUBLICATION, DISTRIBUTION, ETC.
Place of publication, distribution, etc. NEW YORK ;
Name of publisher, distributor, etc. ANDRE DEUTSCH,
Date of publication, distribution, etc. 1979.
300 ## - PHYSICAL DESCRIPTION
Extent 206 P. ;
Dimensions 8.4X5.4IN
942 ## - ADDED ENTRY ELEMENTS (KOHA)
Source of classification or shelving scheme
Koha item type Book
Holdings
Withdrawn status Lost status Source of classification or shelving scheme Damaged status Not for loan Permanent Location Current Location Shelving location Date acquired Total Checkouts Full call number Barcode Date last seen Price effective from Koha item type
          NUST Baluchistan Campus (NBC) NUST Baluchistan Campus (NBC) Reference 04/01/2026   942.004924 CHA QD-752 04/01/2026 04/01/2026 Book
© 2023 Central Library, National University of Sciences and Technology. All Rights Reserved.